[Event "La Pobla de Lillet op 2006"]
[Site "La Pobla de Lillet ESP"]
[Date "2006.08.08"]
[Round "7.9"]
[White "Susterman, Anna"]
[Black "Garcia Jimenez, Fransisco J"]
[Result "1/2-1/2"]
[WhiteElo "2262"]
[BlackElo "2270"]
[PlyCount "120"]
[EventDate "2006.08.02"]
[EventType "swiss"]
[EventRounds "9"]
[EventCountry "ESP"]
[SourceTitle "Ajedrez en Madri"]
[Source "lmi"]
[SourceDate "2020.06.30"]
[SourceVersion "1"]
[SourceVersionDate "2020.06.30"]
[SourceQuality "1"]

1. e4 d5 2. exd5 Qxd5 3. Nc3 Qd6 4. d4 Nf6 5. Bc4 a6 6. Nf3 b5 7. Bb3 c5 8.
dxc5 Qxd1+ 9. Nxd1 e6 10. a4 b4 11. Ne5 Bxc5 12. Be3 Nbd7 13. Nd3 Bd6 14. a5
Bb7 15. O-O O-O 16. Bd2 Bd5 17. Bxd5 Nxd5 18. Ne3 Nxe3 19. Bxe3 Rac8 20. Rac1
Rc6 21. Rfd1 Nf6 22. c3 bxc3 23. bxc3 Nd5 24. c4 Nxe3 25. fxe3 Bc5 26. Kf2 Rfc8
27. Rb1 h6 28. Rb7 Bf8 29. Rb6 Rxc4 30. Rxa6 Rc2+ 31. Kf3 Ra2 32. Rc1 Rd8 33.
Rc3 Rd5 34. Ra8 Rdxa5 35. Rd8 Ra8 36. Rcc8 Rxc8 37. Rxc8 g6 38. Ne5 Kg7 39. Rd8
Ra5 40. Nd3 Be7 41. Rd7 Kf6 42. Nf2 e5 43. Rb7 Ke6 44. Rb6+ Kf5 45. g4+ Kg5 46.
Ne4+ Kh4 47. Rb7 f5 48. gxf5 gxf5 49. Rxe7 fxe4+ 50. Kxe4 Ra2 51. Kxe5 Rxh2 52.
Rg7 h5 53. e4 Kh3 54. Kf4 Rf2+ 55. Ke3 Rf8 56. e5 h4 57. Ke4 Kh2 58. e6 h3 59.
e7 Rf1 60. Kd5 Re1 1/2-1/2

[Event "La Pobla de Lillet op 2006"]
[Site "La Pobla de Lillet ESP"]
[Date "2006.08.08"]
[Round "7.10"]
[White "Garcia Paolicchi, Raul"]
[Black "Fernandez Lopez, Joan"]
[Result "1/2-1/2"]
[WhiteElo "2228"]
[BlackElo "2027"]
[PlyCount "25"]
[EventDate "2006.08.02"]
[EventType "swiss"]
[EventRounds "9"]
[EventCountry "ESP"]
[SourceTitle "Ajedrez en Madri"]
[Source "lmi"]
[SourceDate "2020.06.30"]
[SourceVersion "1"]
[SourceVersionDate "2020.06.30"]
[SourceQuality "1"]

1. d4 d5 2. Nf3 Bf5 3. g3 e6 4. Bg2 Bd6 5. O-O Nf6 6. Nbd2 Nbd7 7. b3 c6 8. Bb2
O-O 9. h3 Ne4 10. Nh4 Nxd2 11. Qxd2 Nf6 12. Nxf5 exf5 13. c4 1/2-1/2

[Event "La Pobla de Lillet op 2006"]
[Site "La Pobla de Lillet ESP"]
[Date "2006.08.08"]
[Round "7.11"]
[White "Capellades Subirana, Marc"]
[Black "Koch, Thomas"]
[Result "1-0"]
[WhiteElo "2065"]
[BlackElo "2148"]
[PlyCount "59"]
[EventDate "2006.08.02"]
[EventType "swiss"]
[EventRounds "9"]
[EventCountry "ESP"]
[SourceTitle "Ajedrez en Madri"]
[Source "lmi"]
[SourceDate "2020.06.30"]
[SourceVersion "1"]
[SourceVersionDate "2020.06.30"]
[SourceQuality "1"]

1. e4 c5 2. Nf3 Nc6 3. d4 cxd4 4. Nxd4 Nf6 5. Nc3 e5 6. Ndb5 d6 7. Bg5 a6 8.
Na3 b5 9. Bxf6 gxf6 10. Nd5 Bg7 11. c3 Ne7 12. Nc2 f5 13. exf5 Bxf5 14. Nce3
Be6 15. Be2 O-O 16. Bf3 Rb8 17. O-O f5 18. Nxe7+ Qxe7 19. Bd5 e4 20. Re1 Be5
21. Qb3 Bxd5 22. Nxd5 Qb7 23. Re3 Kh8 24. f4 exf3 25. Rxf3 f4 26. Kh1 Rg8 27.
Rg1 Rg5 28. Nxf4 Rbg8 29. Nh3 Rxg2 30. Rxg2 1-0

[Event "La Pobla de Lillet op 2006"]
[Site "La Pobla de Lillet ESP"]
[Date "2006.08.08"]
[Round "7.12"]
[White "Garcia Galeote, Lorenzo"]
[Black "Nogue Fajula, Joan"]
[Result "1-0"]
[WhiteElo "2144"]
[BlackElo "2083"]
[PlyCount "61"]
[EventDate "2006.08.02"]
[EventType "swiss"]
[EventRounds "9"]
[EventCountry "ESP"]
[SourceTitle "Ajedrez en Madri"]
[Source "lmi"]
[SourceDate "2020.06.30"]
[SourceVersion "1"]
[SourceVersionDate "2020.06.30"]
[SourceQuality "1"]

1. d4 Nf6 2. c4 e6 3. Nc3 Bb4 4. a3 Bxc3+ 5. bxc3 O-O 6. e3 d6 7. Bd3 e5 8. Ne2
Nc6 9. Ng3 Qe8 10. O-O Na5 11. e4 h6 12. f4 Kh7 13. fxe5 dxe5 14. Rxf6 gxf6 15.
Qh5 Rh8 16. Qxh6+ Kg8 17. Qxf6 Nb3 18. Qg5+ Kf8 19. a4 Nxc1 20. Rxc1 Qe7 21.
Qe3 Qh4 22. dxe5 b6 23. h3 Bd7 24. Rf1 Bxa4 25. e6 Be8 26. Nf5 Qh5 27. e7+ Kg8
28. Rf4 f6 29. Rg4+ Bg6 30. Qd4 Kf7 31. Qd5+ 1-0

[Event "La Pobla de Lillet op 2006"]
[Site "La Pobla de Lillet ESP"]
[Date "2006.08.09"]
[Round "8.1"]
[White "Felgaer Ziegler, Ruben"]
[Black "Kovacevic, Slobodan"]
[Result "1-0"]
[WhiteElo "2581"]
[BlackElo "2340"]
[PlyCount "75"]
[EventDate "2006.08.02"]
[EventType "swiss"]
[EventRounds "9"]
[EventCountry "ESP"]
[SourceTitle "Ajedrez en Madri"]
[Source "lmi"]
[SourceDate "2020.06.30"]
[SourceVersion "1"]
[SourceVersionDate "2020.06.30"]
[SourceQuality "1"]

1. e4 c5 2. Nf3 e6 3. d4 cxd4 4. Nxd4 a6 5. Nc3 Qc7 6. g3 Bb4 7. Bd2 Nf6 8. Bg2
Nc6 9. Nb3 Be7 10. O-O O-O 11. f4 b5 12. e5 Ne8 13. Ne4 Rb8 14. Qh5 d6 15. Rae1
a5 16. Kh1 a4 17. Nc1 b4 18. g4 f5 19. exf6 Nxf6 20. Qh3 Nd8 21. Nd3 Ba6 22.
Rf2 b3 23. axb3 axb3 24. c3 Nxg4 25. Qxg4 Bxd3 26. f5 exf5 27. Rxf5 Rxf5 28.
Qxf5 Bc4 29. Ng5 g6 30. Qh3 h5 31. Qe3 Bf8 32. Qe4 Bf7 33. Rf1 d5 34. Qd3 Rb6
35. Nxf7 Nxf7 36. Bxd5 Rd6 37. Bf4 Rxd5 38. Qxg6+ 1-0

[Event "La Pobla de Lillet op 2006"]
[Site "La Pobla de Lillet ESP"]
[Date "2006.08.09"]
[Round "8.2"]
[White "Pogorelov, Ruslan"]
[Black "Wehmeier, Stefan"]
[Result "1-0"]
[WhiteElo "2395"]
[BlackElo "2394"]
[PlyCount "75"]
[EventDate "2006.08.02"]
[EventType "swiss"]
[EventRounds "9"]
[EventCountry "ESP"]
[SourceTitle "Ajedrez en Madri"]
[Source "lmi"]
[SourceDate "2020.06.30"]
[SourceVersion "1"]
[SourceVersionDate "2020.06.30"]
[SourceQuality "1"]

1. Nf3 d5 2. d4 e6 3. c4 a6 4. cxd5 exd5 5. Nc3 c6 6. Bf4 Bd6 7. Bg3 Ne7 8. e3
O-O 9. Bd3 Bf5 10. Qc2 Bxd3 11. Qxd3 Ng6 12. O-O-O Re8 13. Kb1 Bxg3 14. hxg3
Nd7 15. Nh4 Nf6 16. f3 Nxh4 17. Rxh4 Qd6 18. Rh3 h6 19. g4 Nh7 20. e4 dxe4 21.
Nxe4 Qg6 22. Rh5 Rad8 23. Rf5 Re7 24. a3 Ng5 25. Nxg5 hxg5 26. Ka1 Red7 27. Qc4
Rd5 28. Rxd5 Rxd5 29. Re1 b5 30. Qc3 Rd8 31. Re5 Qf6 32. Qe3 g6 33. Qe4 Kg7 34.
Ka2 Rd6 35. g3 a5 36. f4 Qd8 37. Re8 Rxd4 38. Qe5+ 1-0

[Event "La Pobla de Lillet op 2006"]
[Site "La Pobla de Lillet ESP"]
[Date "2006.08.09"]
[Round "8.3"]
[White "Parligras, Mircea"]
[Black "Mirzoev, Azer"]
[Result "0-1"]
[WhiteElo "2510"]
[BlackElo "2523"]
[PlyCount "112"]
[EventDate "2006.08.02"]
[EventType "swiss"]
[EventRounds "9"]
[EventCountry "ESP"]
[SourceTitle "Ajedrez en Madri"]
[Source "lmi"]
[SourceDate "2020.06.30"]
[SourceVersion "1"]
[SourceVersionDate "2020.06.30"]
[SourceQuality "1"]

1. e4 c5 2. Nf3 e6 3. d4 cxd4 4. Nxd4 a6 5. Nc3 Qc7 6. Bd3 Nf6 7. O-O Bc5 8.
Nb3 Ba7 9. Kh1 d6 10. f4 O-O 11. Qe2 Nc6 12. Be3 Bxe3 13. Qxe3 b5 14. a4 b4 15.
Ne2 Bb7 16. c3 bxc3 17. Nxc3 Nb4 18. Rac1 Nxd3 19. Qxd3 Qb6 20. Nd2 Rfd8 21. b4
d5 22. e5 Ne4 23. Ncxe4 dxe4 24. Nc4 Qxb4 25. Qb1 Qxb1 26. Rxb1 Bc6 27. Nb6
Rab8 28. Rfc1 Be8 29. Kg1 h5 30. g3 Rd4 31. a5 Bb5 32. Nc8 Ra4 33. Nd6 Rxa5 34.
Nxe4 Rf8 35. Rb2 Ra3 36. Rc3 Rxc3 37. Nxc3 Rc8 38. Ne4 Rc4 39. Ng5 Kf8 40. Kf2
Ke7 41. Nf3 f6 42. exf6+ gxf6 43. Ke3 Rc3+ 44. Kf2 Bc6 45. Nd2 Bd5 46. Rb6 Ra3
47. Ke2 f5 48. Nb1 Ra2+ 49. Ke3 Rxh2 50. Rxa6 Rg2 51. Nc3 Rxg3+ 52. Kd4 Bg2 53.
Ra7+ Kf6 54. Rh7 Bf3 55. Ke3 Bg4+ 56. Kd4 Rf3 0-1

[Event "La Pobla de Lillet op 2006"]
[Site "La Pobla de Lillet ESP"]
[Date "2006.08.09"]
[Round "8.4"]
[White "Cicak, Slavko"]
[Black "Mellado Triviño, Juan"]
[Result "1/2-1/2"]
[WhiteElo "2532"]
[BlackElo "2388"]
[PlyCount "125"]
[EventDate "2006.08.02"]
[EventType "swiss"]
[EventRounds "9"]
[EventCountry "ESP"]
[SourceTitle "Ajedrez en Madri"]
[Source "lmi"]
[SourceDate "2020.06.30"]
[SourceVersion "1"]
[SourceVersionDate "2020.06.30"]
[SourceQuality "1"]

1. e4 d5 2. exd5 Qxd5 3. Nc3 Qd6 4. Bc4 Nf6 5. Nge2 a6 6. O-O b5 7. Bb3 c5 8.
d3 Bb7 9. a4 c4 10. dxc4 Qc6 11. f3 bxc4 12. Ba2 e5 13. Bg5 Nbd7 14. Ng3 Bb4
15. Nf5 O-O 16. Qe1 Qe6 17. Ne3 Rac8 18. Qh4 Nb6 19. a5 Bxa5 20. Bxf6 Qxf6 21.
Qxf6 gxf6 22. Ne4 Bb4 23. Kh1 Rfd8 24. Nxf6+ Kg7 25. Ne4 Be7 26. c3 f6 27. Rad1
Bd5 28. Bb1 Be6 29. Bc2 f5 30. Ng3 f4 31. Nef5+ Kf7 32. Nxe7 Kxe7 33. Nf5+ Bxf5
34. Bxf5 Rxd1 35. Rxd1 Rc5 36. Ra1 a5 37. Bxh7 Rd5 38. h4 Kf6 39. Be4 Rb5 40.
Kh2 Nd5 41. Kh3 Ne3 42. g3 fxg3 43. Kxg3 Rxb2 44. Rxa5 Nf1+ 45. Kh3 Rh2+ 46.
Kg4 Rg2+ 47. Kh5 Ng3+ 48. Kh6 Nxe4 49. fxe4 Rg4 50. Ra6+ Kf7 51. h5 Rxe4 52.
Ra7+ Kf6 53. Rc7 Rh4 54. Rc8 Kf5 55. Rc6 e4 56. Rxc4 Rh1 57. Rc8 e3 58. Re8 Kf4
59. Kg6 Rg1+ 60. Kf6 Rh1 61. Kg6 Rg1+ 62. Kf6 Rh1 63. Re5 1/2-1/2

[Event "La Pobla de Lillet op 2006"]
[Site "La Pobla de Lillet ESP"]
[Date "2006.08.09"]
[Round "8.5"]
[White "Arribas Robaina, Maritza"]
[Black "Movsziszian, Karen"]
[Result "0-1"]
[WhiteElo "2283"]
[BlackElo "2507"]
[PlyCount "124"]
[EventDate "2006.08.02"]
[EventType "swiss"]
[EventRounds "9"]
[EventCountry "ESP"]
[SourceTitle "Ajedrez en Madri"]
[Source "lmi"]
[SourceDate "2020.06.30"]
[SourceVersion "1"]
[SourceVersionDate "2020.06.30"]
[SourceQuality "1"]

1. e4 d6 2. d4 g6 3. Nf3 Bg7 4. c3 Nf6 5. e5 Nd5 6. Bc4 c6 7. O-O O-O 8. exd6
Qxd6 9. Re1 Bg4 10. h3 Bxf3 11. Qxf3 e6 12. Nd2 Nd7 13. Ne4 Qc7 14. Bg5 e5 15.
Qg3 h6 16. Bc1 exd4 17. Qxc7 Nxc7 18. cxd4 Nb6 19. Bb3 Rfe8 20. Bf4 Ncd5 21.
Be5 Re7 22. Nc3 Rae8 23. Nxd5 cxd5 24. Kf1 Bxe5 25. dxe5 Rxe5 26. Rxe5 Rxe5 27.
Rc1 Kf8 28. a4 Re4 29. a5 Nc4 30. Rd1 Nxa5 31. Bxd5 Rb4 32. Rd2 Rb6 33. Rc2 Nc6
34. Rc3 f5 35. b3 Ke7 36. f4 Kd6 37. Bf7 g5 38. fxg5 hxg5 39. Rg3 Ke5 40. Bc4
Kf6 41. Bd5 Ne5 42. Rc3 Rb5 43. Bg8 a5 44. Rc7 f4 45. Kf2 b6 46. Ke2 Rb4 47.
Rb7 Nc6 48. Kd3 Ne7 49. Bc4 Nf5 50. Rb8 Ne3 51. Rf8+ Ke7 52. Rg8 b5 53. Rxg5
bxc4+ 54. bxc4 Nxc4 55. Rf5 Ke6 56. Rf8 Ne5+ 57. Kc3 Rc4+ 58. Kb3 a4+ 59. Ka3
Ng6 60. Re8+ Kf7 61. Re2 Nh4 62. Rf2 Kg6 0-1

[Event "La Pobla de Lillet op 2006"]
[Site "La Pobla de Lillet ESP"]
[Date "2006.08.09"]
[Round "8.6"]
[White "Velicka, Petr"]
[Black "Fabre Massana, Miquel"]
[Result "1-0"]
[WhiteElo "2475"]
[BlackElo "2124"]
[PlyCount "50"]
[EventDate "2006.08.02"]
[EventType "swiss"]
[EventRounds "9"]
[EventCountry "ESP"]
[SourceTitle "Ajedrez en Madri"]
[Source "lmi"]
[SourceDate "2020.06.30"]
[SourceVersion "1"]
[SourceVersionDate "2020.06.30"]
[SourceQuality "1"]

1. e4 e5 2. Nf3 d5 3. exd5 e4 4. Ne5 Qxd5 5. d4 exd3 6. Nxd3 Nf6 7. Nc3 Qf5 8.
Bf4 Na6 9. Qf3 Be7 10. Be2 O-O 11. O-O c6 12. h3 Be6 13. g4 Qa5 14. a3 Nd5 15.
b4 Qd8 16. Nxd5 Bxd5 17. Qg3 Re8 18. Bf3 g5 19. Be5 f6 20. Bb2 Nc7 21. Rfe1 Kg7
22. Bxd5 Nxd5 23. c4 Nb6 24. Rac1 Qd7 25. Qf3 Rad8 1-0

[Event "La Pobla de Lillet op 2006"]
[Site "La Pobla de Lillet ESP"]
[Date "2006.08.09"]
[Round "8.7"]
[White "Fandiño Reyes, Roquelina"]
[Black "Susterman, Anna"]
[Result "1/2-1/2"]
[WhiteElo "2133"]
[BlackElo "2262"]
[PlyCount "67"]
[EventDate "2006.08.02"]
[EventType "swiss"]
[EventRounds "9"]
[EventCountry "ESP"]
[SourceTitle "Ajedrez en Madri"]
[Source "lmi"]
[SourceDate "2020.06.30"]
[SourceVersion "1"]
[SourceVersionDate "2020.06.30"]
[SourceQuality "1"]

1. e4 g6 2. d4 Bg7 3. Nc3 c6 4. Be3 d5 5. Nf3 Bg4 6. Be2 dxe4 7. Nxe4 Nh6 8. c3
O-O 9. O-O Nd7 10. h3 Bxf3 11. Bxf3 Nf5 12. Bf4 e5 13. dxe5 Nxe5 14. Be2 Qb6
15. Qb3 h6 16. Rfe1 Rad8 17. Rad1 Rfe8 18. Qc2 Qa5 19. b4 Qc7 20. Bh2 Qb6 21.
Nc5 Nd6 22. Bf4 a5 23. a3 axb4 24. axb4 Nf5 25. Bf1 Qc7 26. Kh1 Rxd1 27. Qxd1
Qc8 28. Bxe5 Rxe5 29. Rxe5 Bxe5 30. Qe1 Bg7 31. Bc4 b6 32. Nd3 Qd7 33. Ne5 Bxe5
34. Qxe5 1/2-1/2

[Event "La Pobla de Lillet op 2006"]
[Site "La Pobla de Lillet ESP"]
[Date "2006.08.09"]
[Round "8.8"]
[White "Gardela Batlle, Jordi"]
[Black "Capellades Subirana, Marc"]
[Result "1-0"]
[WhiteElo "2230"]
[BlackElo "2065"]
[PlyCount "53"]
[EventDate "2006.08.02"]
[EventType "swiss"]
[EventRounds "9"]
[EventCountry "ESP"]
[SourceTitle "Ajedrez en Madri"]
[Source "lmi"]
[SourceDate "2020.06.30"]
[SourceVersion "1"]
[SourceVersionDate "2020.06.30"]
[SourceQuality "1"]

1. e4 g6 2. Nf3 d6 3. c3 Bg7 4. d4 Nd7 5. Bc4 e6 6. O-O Ne7 7. a4 d5 8. Bb3 O-O
9. e5 c5 10. Re1 cxd4 11. cxd4 Nb8 12. Nc3 Bd7 13. Bg5 h6 14. Bf4 a6 15. Bc2
Nbc6 16. Qd2 Kh7 17. h4 Na7 18. h5 Rh8 19. Nh4 Be8 20. Qd3 Nac6 21. Bb1 Qb6 22.
Ne2 Qxb2 23. Ra3 Nb4 24. Qg3 Kg8 25. Rb3 Qa1 26. Rxb4 g5 27. Bh7+ 1-0

[Event "La Pobla de Lillet op 2006"]
[Site "La Pobla de Lillet ESP"]
[Date "2006.08.09"]
[Round "8.9"]
[White "Fernandez Lopez, Joan"]
[Black "Garcia Galeote, Lorenzo"]
[Result "0-1"]
[WhiteElo "2027"]
[BlackElo "2144"]
[PlyCount "86"]
[EventDate "2006.08.02"]
[EventType "swiss"]
[EventRounds "9"]
[EventCountry "ESP"]
[SourceTitle "Ajedrez en Madri"]
[Source "lmi"]
[SourceDate "2020.06.30"]
[SourceVersion "1"]
[SourceVersionDate "2020.06.30"]
[SourceQuality "1"]

1. e4 g6 2. Nf3 Bg7 3. Nc3 d6 4. d4 Nf6 5. Bd3 O-O 6. h3 Nc6 7. Be3 e5 8. dxe5
dxe5 9. Bb5 Bd7 10. Qe2 Re8 11. Rd1 Qc8 12. O-O a6 13. Ba4 h6 14. Bb3 Na5 15.
Nd2 Nxb3 16. Nxb3 b6 17. f3 Kh7 18. Rd2 Be6 19. Nd5 Nxd5 20. exd5 Bf5 21. c3 a5
22. Rfd1 Bf8 23. Qf2 Qa6 24. f4 a4 25. Nc1 exf4 26. Qxf4 Re4 27. Qf3 Rae8 28.
Bd4 Bd6 29. Nd3 h5 30. Bf2 Qc4 31. a3 R4e7 32. Nb4 Bc5 33. Bxc5 bxc5 34. Nc6
Re3 35. Qf1 Qh4 36. Qf2 Qg5 37. Kh2 h4 38. Rf1 f6 39. Qf4 Qg3+ 40. Kg1 Re2 41.
Qxg3 hxg3 42. Rxe2 Rxe2 43. Rd1 Be4 0-1

[Event "La Pobla de Lillet op 2006"]
[Site "La Pobla de Lillet ESP"]
[Date "2006.08.09"]
[Round "8.10"]
[White "Alonso Moyano, Jonathan"]
[Black "Jane Besora, Rafael"]
[Result "1-0"]
[WhiteElo "2372"]
[BlackElo "1954"]
[PlyCount "51"]
[EventDate "2006.08.02"]
[EventType "swiss"]
[EventRounds "9"]
[EventCountry "ESP"]
[SourceTitle "Ajedrez en Madri"]
[Source "lmi"]
[SourceDate "2020.06.30"]
[SourceVersion "1"]
[SourceVersionDate "2020.06.30"]
[SourceQuality "1"]

1. e4 b6 2. d4 Bb7 3. Nd2 e6 4. Ngf3 c5 5. c3 g6 6. Bd3 Bg7 7. O-O Ne7 8. dxc5
bxc5 9. e5 O-O 10. Ne4 Bxe4 11. Bxe4 Nbc6 12. Be3 Rb8 13. Bxc6 Nxc6 14. Bxc5
Rxb2 15. Bxf8 Kxf8 16. Qd6+ Kg8 17. Rad1 Qc8 18. Qxd7 Qxd7 19. Rxd7 Rxa2 20.
Rd6 Ne7 21. Rd8+ Bf8 22. Rb1 Nc6 23. Rc8 Ra6 24. h4 Kg7 25. Rb7 Ne7 26. Rcc7
1-0

[Event "La Pobla de Lillet op 2006"]
[Site "La Pobla de Lillet ESP"]
[Date "2006.08.10"]
[Round "9.1"]
[White "Pogorelov, Ruslan"]
[Black "Felgaer Ziegler, Ruben"]
[Result "0-1"]
[WhiteElo "2395"]
[BlackElo "2581"]
[PlyCount "58"]
[EventDate "2006.08.02"]
[EventType "swiss"]
[EventRounds "9"]
[EventCountry "ESP"]
[SourceTitle "Ajedrez en Madri"]
[Source "lmi"]
[SourceDate "2020.06.30"]
[SourceVersion "1"]
[SourceVersionDate "2020.06.30"]
[SourceQuality "1"]

1. Nf3 d5 2. d4 c6 3. c4 Nf6 4. Nc3 dxc4 5. a4 Bf5 6. Ne5 Nbd7 7. Nxc4 Nb6 8.
Ne5 a5 9. Bg5 g6 10. e3 Bg7 11. Be2 Nfd5 12. Bh4 Nxc3 13. bxc3 Bxe5 14. dxe5
Qxd1+ 15. Kxd1 Nd7 16. g4 Be6 17. f4 Nc5 18. c4 h5 19. gxh5 Rd8+ 20. Kc2 Bf5+
21. Kc3 Ne4+ 22. Kb3 Rd2 23. Bd1 Nc5+ 24. Ka3 Rd3+ 25. Kb2 Rxe3 26. Ra3 Nd3+
27. Ka1 gxh5 28. Rg1 Rh3 29. Ra2 Rxh4 0-1

[Event "La Pobla de Lillet op 2006"]
[Site "La Pobla de Lillet ESP"]
[Date "2006.08.10"]
[Round "9.2"]
[White "Mirzoev, Azer"]
[Black "Velicka, Petr"]
[Result "1/2-1/2"]
[WhiteElo "2523"]
[BlackElo "2475"]
[PlyCount "81"]
[EventDate "2006.08.02"]
[EventType "swiss"]
[EventRounds "9"]
[EventCountry "ESP"]
[SourceTitle "Ajedrez en Madri"]
[Source "lmi"]
[SourceDate "2020.06.30"]
[SourceVersion "1"]
[SourceVersionDate "2020.06.30"]
[SourceQuality "1"]

1. d4 d5 2. Nf3 Nf6 3. c4 c6 4. e3 Bf5 5. cxd5 Bxb1 6. Rxb1 Qxd5 7. a3 Nbd7 8.
Be2 e6 9. O-O Be7 10. Qc2 O-O 11. Rd1 a5 12. b3 Rfd8 13. Bb2 Qf5 14. Bd3 Qh5
15. h3 Nd5 16. Be2 Qg6 17. Qxg6 hxg6 18. g3 c5 19. Rbc1 cxd4 20. Nxd4 Rac8 21.
Rxc8 Rxc8 22. Rc1 Rxc1+ 23. Bxc1 Nc5 24. Bb2 Bf6 25. Bd1 Nd3 26. Ba1 e5 27. Nb5
e4 28. Bxf6 gxf6 29. Kf1 f5 30. Ke2 Ne5 31. Kd2 Kf8 32. Nd6 b6 33. Be2 Ke7 34.
Nb5 Kd7 35. Nd4 Kd6 36. Ba6 Kc5 37. Be2 Kd6 38. Nb5+ Kc5 39. Nd4 Kd6 40. Nb5+
Kc5 41. Nd4 1/2-1/2

[Event "La Pobla de Lillet op 2006"]
[Site "La Pobla de Lillet ESP"]
[Date "2006.08.10"]
[Round "9.3"]
[White "Movsziszian, Karen"]
[Black "Cicak, Slavko"]
[Result "0-1"]
[WhiteElo "2507"]
[BlackElo "2532"]
[PlyCount "82"]
[EventDate "2006.08.02"]
[EventType "swiss"]
[EventRounds "9"]
[EventCountry "ESP"]
[SourceTitle "Ajedrez en Madri"]
[Source "lmi"]
[SourceDate "2020.06.30"]
[SourceVersion "1"]
[SourceVersionDate "2020.06.30"]
[SourceQuality "1"]

1. Nf3 d6 2. d4 Bg4 3. c4 c6 4. g3 Nf6 5. Bg2 g6 6. h3 Bg7 7. Nc3 Bf5 8. Nh4
Be6 9. d5 Bd7 10. O-O cxd5 11. cxd5 O-O 12. e4 b5 13. a3 a5 14. Be3 Na6 15. Qd2
Qb8 16. b4 Qc8 17. Rac1 Bxh3 18. Na4 Qb7 19. Bxh3 bxa4 20. b5 Nc5 21. f3 Nb3
22. Qe2 Nxc1 23. Rxc1 Nd7 24. Rc6 Ne5 25. f4 Nxc6 26. dxc6 Qc7 27. Qc4 Rab8 28.
Qxa4 e6 29. Nf3 h6 30. Bf1 f5 31. Nd2 e5 32. Nc4 exf4 33. gxf4 Qe7 34. b6 g5
35. c7 gxf4 36. cxb8=Q Qg5+ 37. Bg2 Rxb8 38. Qxa5 fxe3 39. Qd5+ Kh7 40. Qxf5+
Qxf5 41. exf5 e2 0-1

[Event "La Pobla de Lillet op 2006"]
[Site "La Pobla de Lillet ESP"]
[Date "2006.08.10"]
[Round "9.4"]
[White "Wehmeier, Stefan"]
[Black "Gardela Batlle, Jordi"]
[Result "1-0"]
[WhiteElo "2394"]
[BlackElo "2230"]
[PlyCount "149"]
[EventDate "2006.08.02"]
[EventType "swiss"]
[EventRounds "9"]
[EventCountry "ESP"]
[SourceTitle "Ajedrez en Madri"]
[Source "lmi"]
[SourceDate "2020.06.30"]
[SourceVersion "1"]
[SourceVersionDate "2020.06.30"]
[SourceQuality "1"]

1. e4 c5 2. Nf3 e6 3. Nc3 d6 4. d4 cxd4 5. Nxd4 a6 6. Be3 Nf6 7. Be2 Nbd7 8. f4
b5 9. Bf3 Bb7 10. e5 Bxf3 11. Qxf3 dxe5 12. Nc6 e4 13. Nxe4 Qc7 14. Nxf6+ Nxf6
15. c4 bxc4 16. Rc1 Nd5 17. Rxc4 Nxe3 18. Qxe3 Bd6 19. O-O O-O 20. Rd1 Rfc8 21.
g3 Bf8 22. b3 Qb7 23. Qf3 Rc7 24. Kg2 Re8 25. Ne5 Qxf3+ 26. Kxf3 Rec8 27. Rd7
Rxc4 28. Nxc4 f6 29. Ke4 Bc5 30. Kd3 h5 31. Kc3 Kh7 32. b4 Bg1 33. Rd2 Kg6 34.
Kb3 Rc7 35. h3 Rc6 36. a4 Kf7 37. b5 axb5 38. axb5 Rc7 39. b6 Rxc4 40. Kxc4
Bxb6 41. Kd3 Ba5 42. Re2 f5 43. h4 Kf6 44. Kc4 Bc7 45. Ra2 Bb6 46. Kb5 Bd4 47.
Kc6 Bc3 48. Kd6 e5 49. Rc2 Ba1 50. Kd5 exf4 51. gxf4 Kf7 52. Rc7+ Kf6 53. Rc8
Kf7 54. Rc7+ Kf6 55. Kd6 Bd4 56. Rc6 Kf7 57. Rc1 Be3 58. Rc4 Kf6 59. Kd5 g6 60.
Rc6+ Kg7 61. Ke5 Bf2 62. Rc7+ Kh6 63. Kf6 Bxh4+ 64. Kf7 g5 65. Rc6+ Kh7 66. Rc1
gxf4 67. Rh1 Kh6 68. Rxh4 Kg5 69. Rh1 f3 70. Ke6 Kg4 71. Rf1 h4 72. Ke5 h3 73.
Rg1+ Kh4 74. Kf4 h2 75. Rh1 1-0

[Event "La Pobla de Lillet op 2006"]
[Site "La Pobla de Lillet ESP"]
[Date "2006.08.10"]
[Round "9.5"]
[White "Mellado Triviño, Juan"]
[Black "Kovacevic, Slobodan"]
[Result "1/2-1/2"]
[WhiteElo "2388"]
[BlackElo "2340"]
[PlyCount "26"]
[EventDate "2006.08.02"]
[EventType "swiss"]
[EventRounds "9"]
[EventCountry "ESP"]
[SourceTitle "Ajedrez en Madri"]
[Source "lmi"]
[SourceDate "2020.06.30"]
[SourceVersion "1"]
[SourceVersionDate "2020.06.30"]
[SourceQuality "1"]

1. d4 Nf6 2. Bg5 Ne4 3. Bf4 d5 4. Nd2 Nxd2 5. Qxd2 Bf5 6. e3 e6 7. Bd3 Bxd3 8.
Qxd3 c6 9. Nf3 Bd6 10. Bxd6 Qxd6 11. O-O Nd7 12. c4 dxc4 13. Qxc4 O-O 1/2-1/2

[Event "La Pobla de Lillet op 2006"]
[Site "La Pobla de Lillet ESP"]
[Date "2006.08.10"]
[Round "9.6"]
[White "Garcia Galeote, Lorenzo"]
[Black "Arribas Robaina, Maritza"]
[Result "0-1"]
[WhiteElo "2144"]
[BlackElo "2283"]
[PlyCount "106"]
[EventDate "2006.08.02"]
[EventType "swiss"]
[EventRounds "9"]
[EventCountry "ESP"]
[SourceTitle "Ajedrez en Madri"]
[Source "lmi"]
[SourceDate "2020.06.30"]
[SourceVersion "1"]
[SourceVersionDate "2020.06.30"]
[SourceQuality "1"]

1. d4 Nf6 2. c4 d6 3. Nc3 g6 4. e4 Bg7 5. Nge2 e5 6. d5 Nh5 7. g3 O-O 8. Bg2 f5
9. exf5 gxf5 10. f4 Nd7 11. O-O a5 12. a3 Nhf6 13. Rb1 e4 14. b4 axb4 15. axb4
Nb6 16. Qb3 Kh8 17. Bb2 Bd7 18. Ra1 Qe8 19. Rxa8 Nxa8 20. Nd1 Qh5 21. Re1 Nb6
22. Ne3 Ra8 23. Bd4 Ng4 24. Bxg7+ Kxg7 25. Nxg4 Qxg4 26. Nd4 Kf7 27. Qc2 Qg7
28. Ne6 Bxe6 29. dxe6+ Kxe6 30. Bxe4 fxe4 31. Qxe4+ Kf7 32. c5 dxc5 33. bxc5
Nd7 34. c6 bxc6 35. Qxc6 Qd4+ 36. Kh1 Re8 37. Rxe8 Kxe8 38. Qxc7 Ke7 39. Qc6
Nf6 40. Qc7+ Ke6 41. Qc8+ Kf7 42. Kg2 Qe4+ 43. Kg1 Qe1+ 44. Kg2 Qe2+ 45. Kg1
Kg6 46. h4 h5 47. f5+ Kf7 48. Qc7+ Qe7 49. Qc4+ Kg7 50. Qc3 Qd7 51. Kh2 Qxf5
52. Qc7+ Kg6 53. Qc4 Ng4+ 0-1